Представление документа в формате RUSMARC

ПолеНазваниеЗначение
  Тип записи a
  Библиографический уровень m
001 Контрольный номер RU/SLIB/B/208722062
005 Дата корректировки 20201206203948.4
010 Индекс ISBN __
d Цена 1-04
101 Язык документа __
a Язык текста rus
200 Заглавие и сведения об ответственности __
a Заглавие История индустриализации Западной Сибири (1926-1941 гг.)
e Сведения, относящиеся к заглавию док. и материалы
f Первые сведения об ответственности гл. архив. упр. ; под ред. З. Г. Карпенко, А. С. Московского, А. М. Рогачевского ; сост.: А. В. Волченко и др.
b Общее обозначение материала Текст
210 Выходные данные __
a Место издания Новосибирск
c Издательство Зап.-Сиб. кн. изд-во
d Дата издания 1967
215 Физическое описание __
a Объем 392 с
330 Аннотация __
a Аннотация Выпуск посвящен истории превращения ранее отсталого края в один из индустриальных центров страны, показано развитие всех отраслей промышленности Западной Сибири в период первой-третьей пятилетки.
461 Уровень набора __
1 2001
a История индустриализации СССР
606 Тематические рубрики __
a Основная рубрика Экономика
z Хронологическая подрубрика 1926-1941 гг.
y Географическая подрубрика СССР; Западная Сибирь
606 Тематические рубрики __
a Основная рубрика Экономическая история
610 Ключевые слова __
a Ключевые слова индустриализация; пятилетки; промышленное производство; промышленное развитие
686 Индексы других классификаций __
a Классификационный индекс 65.03(2)6
686 Индексы других классификаций __
a Классификационный индекс 63.3(2)6-2
801 Источник записи _0
a Страна RU
b Организация Муниципальное бюджетное учреждение культуры "Централизованная библиотечная система" г. Сургут (Центральная городская библиотека им. А. С. Пушкина)
g Правила каталогизации КиК/Котельникова
801 Источник записи _1
a Страна RU
b Организация Муниципальное бюджетное учреждение культуры "Централизованная библиотечная система" г. Сургут (Центральная городская библиотека им. А. С. Пушкина)
g Правила каталогизации КиК/Котельникова
852 Данные о местонахождении __
j Шифр хранения 65.03(2)6
c Каталожный индекс 65.9(2); 63.3(2)6-2
i Авторский знак И 90
p Инвентарный номер 15634(с)
901 Тип документа __
t Тип документа m
903 Характеристики (МАРС) __
a Дата передачи 20011023
990 Данные о заказе (DOS) __
j Количество экземпляров (DOS) 1